00724nam a2200193 i 4500003000900000005001700009008004100026040003000067082001000097110003400107245010200141250001800243264006600261300005700327336002700384337003300411338002800444700005800472DO-SdBNP20240305073655.0110801s1954 dr ac r 000 0 spa d aDO-SdBNPbspacBNPHUerda bA957g2 aAviación Militar Dominicana10aGuerra dominico-haitiana :bDocumentos para su estudio /cselección de E. Rodríguez Demorizi. a2a. edición 1aCiudad Trujillo, República Dominicana :bDominicana,c1954. axix, 420 páginasbilustraciones, retratos.c23 cm. 2rdacontentatextobtxt 2rdamediaasin mediaciónbn 2rdacarrieravolumenbnc1 aRodríguez Demorizi, Emilio,d1908-1986eselección